[Event "USA-ch U20"]
[Site "Saint Louis"]
[Date "2025.07.24"]
[Round "9"]
[White "Wang, Justin"]
[Black "Rorrer, Grayson"]
[Result "0-1"]
[WhiteElo "2529"]
[BlackElo "2428"]
[PlyCount "164"]
[EventDate "2025.07.15"]
[EventType "tourn"]
[EventRounds "9"]
[EventCountry "USA"]
[EventCategory "10"]
[SourceTitle "CB31_2025"]
[SourceDate "2025.07.30"]
[SourceVersion "1"]
[SourceVersionDate "2025.07.30"]
[SourceQuality "1"]

1. e4 e6 2. d4 d5 3. Nc3 Nf6 4. e5 Nfd7 5. f4 c5 6. Nf3 Nc6 7. Be3 a6 8. Ne2 Qb6 9. Qc1 Be7 10. g3 0-0 11. Bh3 cxd4 12. Nexd4 Nc5 13. 0-0 Qc7 14. c3 Bd7 15. Qc2 Ne4 16. Kh1 Rae8 17. Rae1 Nxd4 18. Nxd4 b5 19. Bg2 Bc8 20. a4 Qb7 21. axb5 axb5 22. Qe2 Bd7 23. f5 exf5 24. Nxf5 Bxf5 25. Rxf5 g6 26. Rff1 f5 27. Rd1 Qc6 28. Qd3 Rd8 29. Bd4 Bg5 30. Ra1 Qc4 31. Rfd1 Qxd3 32. Rxd3 Ra8 33. Rdd1 Ra4 34. Bf1 Rb8 35. Kg1 Kf7 36. Bd3 Ke6 37. Bc2 Raa8 38. Bd3 Nd2 39. h4 Bh6 40. Bc2 Nc4 41. Kf2 Nxb2 42. Rdb1 Nc4 43. Bd3 Nxe5 44. Bxe5 Kxe5 45. Rxa8 Rxa8 46. Rxb5 Ra2+ 47. Be2 Bg7 48. Ke3 Kd6 49. Rb6+ Kc7 50. Rb3 Kd6 51. Rb6+ Kc5 52. Rb7 Bxc3 53. Rc7+ Kd6 54. Rxh7 Be1 55. Rg7 d4+ 56. Kxd4 Rxe2 57. Rxg6+ Re6 58. Rg5 Re4+ 59. Kd3 Ke6 60. h5 Bf2 61. Rg6+ Kf7 62. Rg5 Ke6 63. Rg6+ Kd5 64. h6 Re3+ 65. Kd2 Rxg3 66. h7 Rh3 67. Rg7 Bd4 68. Re7 f4 69. Rf7 Ke4 70. Re7+ Be5 71. Ke2 Kf5 72. Kf2 Bf6 73. Rb7 Kg6 74. Rb4 Bg5 75. h8N+ Rxh8 76. Kg2 Kf5 77. Rb3 Kg4 78. Rb4 Rd8 79. Kh1 Kg3 80. Rb1 f3 81. Rg1+ Kf2 82. Rg2+ fxg2+ 0-1

[Event "USA-ch U20"]
[Site "Saint Louis"]
[Date "2025.07.19"]
[Round "5"]
[White "Rorrer, Grayson"]
[Black "Ghazarian, Kirk Vagho"]
[Result "1/2-1/2"]
[WhiteElo "2428"]
[BlackElo "2511"]
[PlyCount "72"]
[EventDate "2025.07.15"]
[EventType "tourn"]
[EventRounds "9"]
[EventCountry "USA"]
[EventCategory "10"]
[SourceTitle "CB31_2025"]
[SourceDate "2025.07.30"]
[SourceVersion "1"]
[SourceVersionDate "2025.07.30"]
[SourceQuality "1"]

1. e4 c5 2. Nf3 e6 3. d4 cxd4 4. Nxd4 Nf6 5. Nc3 Nc6 6. Bf4 Bc5 7. Ndb5 0-0 8. Bc7 Qe7 9. Bd6 Bxd6 10. Qxd6 Qd8 11. Nc7 Rb8 12. Be2 b5 13. e5 Ne8 14. Nxe8 Rxe8 15. 0-0 b4 16. Ne4 Qe7 17. Rad1 Qxd6 18. Nxd6 Rd8 19. f4 Bb7 20. Bf3 Ba8 21. Rd3 Na5 22. Bxa8 Rxa8 23. Rfd1 Kf8 24. c3 Rab8 25. b3 Ke7 26. Rg3 g6 27. Rh3 h5 28. Rhd3 bxc3 29. Rxc3 Nc6 30. g3 f6 31. exf6+ Kxf6 32. Rc5 Ke7 33. Nc4 Rbc8 34. Nd6 Rb8 35. Nc4 Rbc8 36. Nd6 Rb8 1/2-1/2

[Event "USA-ch U20"]
[Site "Saint Louis"]
[Date "2025.07.17"]
[Round "3"]
[White "Rorrer, Grayson"]
[Black "Hardaway, Brewington"]
[Result "0-1"]
[WhiteElo "2428"]
[BlackElo "2498"]
[PlyCount "78"]
[EventDate "2025.07.15"]
[EventType "tourn"]
[EventRounds "9"]
[EventCountry "USA"]
[EventCategory "10"]
[SourceTitle "CB31_2025"]
[SourceDate "2025.07.30"]
[SourceVersion "1"]
[SourceVersionDate "2025.07.30"]
[SourceQuality "1"]

1. e4 d6 2. d4 Nf6 3. Bd3 e5 4. c3 Nbd7 5. Nf3 d5 6. dxe5 dxe4 7. exf6 exf3 8. fxg7 Bxg7 9. Qxf3 Ne5 10. Bb5+ Bd7 11. Bxd7+ Qxd7 12. Qe2 0-0-0 13. 0-0 Rhe8 14. Be3 Nd3 15. Na3 f5 16. Qf3 Qd5 17. Qh3 Kb8 18. Nc2 Qe4 19. Rab1 Be5 20. Rfd1 Nxb2 21. Rdc1 Nc4 22. Bd4 Bf4 23. Ne3 Rd6 24. Qxf5 Qxf5 25. Nxf5 Bxc1 26. Rxc1 Ra6 27. g4 Rxa2 28. Ng7 Re4 29. h3 a5 30. Nh5 a4 31. Nf6 Re7 32. Nd5 Rf7 33. Re1 b6 34. Nb4 Rd2 35. Nc6+ Kc8 36. Ra1 a3 37. g5 Kd7 38. Nb8+ Kd6 39. Bf6 Rf8 0-1

[Event "USA-ch U20"]
[Site "Saint Louis"]
[Date "2025.07.16"]
[Round "2"]
[White "Woodward, Andy"]
[Black "Rorrer, Grayson"]
[Result "1-0"]
[WhiteElo "2567"]
[BlackElo "2428"]
[PlyCount "63"]
[EventDate "2025.07.15"]
[EventType "tourn"]
[EventRounds "9"]
[EventCountry "USA"]
[EventCategory "10"]
[SourceTitle "CB31_2025"]
[SourceDate "2025.07.30"]
[SourceVersion "1"]
[SourceVersionDate "2025.07.30"]
[SourceQuality "1"]

1. Nf3 d5 2. d4 Nf6 3. c4 e6 4. g3 Bb4+ 5. Bd2 Be7 6. Bg2 c6 7. Qc2 Nbd7 8. 0-0 h6 9. Rd1 0-0 10. Bf4 a5 11. Nc3 dxc4 12. Nd2 Nb6 13. e4 a4 14. a3 Bd7 15. Nf3 c5 16. d5 exd5 17. exd5 Re8 18. d6 Bf8 19. Ne5 g5 20. Nxd7 Qxd7 21. Be3 Re5 22. Qe2 Rb8 23. f4 gxf4 24. gxf4 Ree8 25. Qf3 Bxd6 26. Bf2 Ng4 27. Rxd6 Qxd6 28. Qxg4+ Kh8 29. Rd1 Qe7 30. Qh4 Qxh4 31. Bxh4 Re3 32. Bd8 1-0

[Event "USA-ch U20"]
[Site "Saint Louis"]
[Date "2025.07.15"]
[Round "1"]
[White "Rorrer, Grayson"]
[Black "Chasin, Nico Werner"]
[Result "1/2-1/2"]
[WhiteElo "2428"]
[BlackElo "2459"]
[PlyCount "155"]
[EventDate "2025.07.15"]
[EventType "tourn"]
[EventRounds "9"]
[EventCountry "USA"]
[EventCategory "10"]
[SourceTitle "CB31_2025"]
[SourceDate "2025.07.30"]
[SourceVersion "1"]
[SourceVersionDate "2025.07.30"]
[SourceQuality "1"]

1. e4 e5 2. Nf3 Nc6 3. Bb5 Nf6 4. 0-0 Nxe4 5. d4 Nd6 6. Ba4 e4 7. Re1 Be7 8. Ne5 0-0 9. Nc3 Nf5 10. Rxe4 Nxe5 11. dxe5 c6 12. Bf4 d5 13. exd6 Bxd6 14. Bb3 Bxf4 15. Rxf4 Be6 16. Bxe6 fxe6 17. Re4 Qb6 18. Na4 Qa5 19. Qe1 Qxe1+ 20. Raxe1 b6 21. c3 Rfe8 22. Rxe6 Rxe6 23. Rxe6 Rd8 24. Kf1 Rd1+ 25. Re1 Rd2 26. Re2 Rd1+ 27. Re1 Rd2 28. Re5 g6 29. Ke1 Rc2 30. Re8+ Kg7 31. Ra8 a5 32. Nxb6 Rxb2 33. Nc4 Rxa2 34. Rxa5 Rc2 35. Rc5 Rc1+ 36. Ke2 Rxc3 37. Kd2 Rb3 38. Rxc6 Rb7 39. Rc5 Ra7 40. Ne5 Ra2+ 41. Rc2 Rxc2+ 42. Kxc2 Kf6 43. Nf3 g5 44. Kd3 g4 45. Nd2 Ke5 46. g3 Ng7 47. Nc4+ Kf6 48. Ne3 h5 49. Ke4 Ne6 50. Nd5+ Kg5 51. Nf4 Nc5+ 52. Ke5 Nd7+ 53. Ke6 Nc5+ 54. Kd5 Nd7 55. Ng2 Nf6+ 56. Ke5 Nd7+ 57. Kd4 Nf6 58. Nh4 Nd7 59. Ke3 Nc5 60. f4+ gxf3 61. Kxf3 Nd3 62. h3 Kf6 63. Ng2 Kf5 64. Ke3 Ne5 65. Nh4+ Kf6 66. Ke4 Nf7 67. Nf3 Nd8 68. Nd4 Nf7 69. Nf3 Nd8 70. Ne5 Ne6 71. h4 Nc5+ 72. Kd5 Kf5 73. Nc4 Kg4 74. Kxc5 Kxg3 75. Ne5 Kxh4 76. Kd4 Kg3 77. Ng6 h4 78. Nxh4 1/2-1/2

[Event "Las Vegas National op"]
[Site "Las Vegas"]
[Date "2025.06.06"]
[Round "4"]
[White "Rorrer, Grayson"]
[Black "Cordova, Emilio"]
[Result "1/2-1/2"]
[WhiteElo "2424"]
[BlackElo "2516"]
[PlyCount "89"]
[EventDate "2025.06.04"]
[EventType "swiss"]
[EventRounds "9"]
[EventCountry "USA"]
[SourceTitle "CB24_2025"]
[SourceDate "2025.06.11"]
[SourceVersion "1"]
[SourceVersionDate "2025.06.11"]
[SourceQuality "1"]

1. d4 Nf6 2. c4 e6 3. g3 c5 4. d5 exd5 5. cxd5 g6 6. Nc3 Bg7 7. Bg2 0-0 8. Nf3 d6 9. 0-0 Nbd7 10. Bf4 Qe7 11. a4 h6 12. h3 a6 13. e4 g5 14. Be3 Rb8 15. Nd2 b5 16. axb5 axb5 17. Qe2 b4 18. Nb5 Re8 19. Ra7 Rd8 20. Nb3 Rb6 21. Rfa1 Nxe4 22. Na5 Re8 23. Nc6 Qf8 24. Nc7 Bb7 25. Nxe8 Qxe8 26. Re1 Nef6 27. Qd2 Qf8 28. f4 g4 29. Bf2 Kh8 30. Qe2 gxh3 31. Bxh3 Nb8 32. Qe7 Nxc6 33. dxc6 Bxc6 34. Qxf8+ Bxf8 35. Rxf7 Bg7 36. Re6 Ra6 37. Bg2 Ra1+ 38. Re1 Rxe1+ 39. Bxe1 Ba4 40. Ra7 Bc2 41. Bh3 h5 42. Be6 Ng4 43. Ra8+ Kh7 44. Ra7 Kh8 45. Ra8+ 1/2-1/2

[Event "Las Vegas National op"]
[Site "Las Vegas"]
[Date "2025.06.04"]
[Round "1"]
[White "Rorrer, Grayson"]
[Black "Wang, Jeffery"]
[Result "1-0"]
[WhiteElo "2424"]
[BlackElo "2104"]
[PlyCount "75"]
[EventDate "2025.06.04"]
[EventType "swiss"]
[EventRounds "9"]
[EventCountry "USA"]
[SourceTitle "CB24_2025"]
[SourceDate "2025.06.11"]
[SourceVersion "1"]
[SourceVersionDate "2025.06.11"]
[SourceQuality "1"]

1. d4 Nf6 2. c4 g6 3. Nc3 d5 4. Nf3 Bg7 5. Qb3 dxc4 6. Qxc4 0-0 7. e4 a6 8. e5 b5 9. Qb3 Nfd7 10. e6 fxe6 11. Ng5 Nf6 12. Nxe6 Bxe6 13. Qxe6+ Kh8 14. g3 b4 15. Bg2 c6 16. Ne2 Nd5 17. 0-0 Rf6 18. Qe4 Nd7 19. Nf4 Nf8 20. Re1 Rd6 21. Nd3 Nf6 22. Qe2 Ne6 23. Ne5 Qf8 24. Qc4 Rc8 25. Bh3 Nd5 26. Nxg6+ hxg6 27. Bxe6 Rcd8 28. Qd3 Qf6 29. Qf1 g5 30. Qh3+ Bh6 31. Re5 Kg7 32. Bxd5 cxd5 33. Qg4 Rf8 34. Be3 Kh7 35. Rc1 Rf7 36. Kg2 a5 37. h4 gxh4 38. Rh5 1-0

[Event "Budapest FS12 GM"]
[Site "Budapest"]
[Date "2024.12.13"]
[Round "8"]
[White "Neverov, Valeriy"]
[Black "Rorrer, Grayson"]
[Result "0-1"]
[WhiteElo "2424"]
[BlackElo "2411"]
[PlyCount "112"]
[EventDate "2024.12.07"]
[EventType "tourn"]
[EventRounds "9"]
[EventCountry "HUN"]
[EventCategory "6"]
[SourceTitle "CB51_2024"]
[SourceDate "2024.12.18"]
[SourceVersion "1"]
[SourceVersionDate "2024.12.18"]
[SourceQuality "1"]

1. c4 e5 2. Nc3 Bb4 3. g3 Bxc3 4. bxc3 d6 5. Bg2 Nc6 6. d3 Nge7 7. Nh3 0-0 8. 0-0 Rb8 9. f4 f5 10. Rb1 b6 11. Ba3 Bd7 12. Qd2 h6 13. Rbe1 Kh8 14. fxe5 Nxe5 15. Nf4 g5 16. Nd5 N7g6 17. e4 f4 18. gxf4 gxf4 19. Nxf4 Rxf4 20. Rxf4 Qg5 21. Ref1 Nxf4 22. Qxf4 Qxf4 23. Rxf4 Nxd3 24. Rh4 Kg7 25. Bf1 Ne5 26. Rf4 Be6 27. Bc1 Bxc4 28. Bxc4 Nxc4 29. Rg4+ Kh7 30. Rh4 Rg8+ 31. Kf1 Rg6 32. Bf4 Re6 33. Bc1 Ne5 34. Ke2 Ng6 35. Rxh6+ Kg7 36. Rh3 Rxe4+ 37. Kd3 Re1 38. Bh6+ Kf6 39. Rf3+ Ke6 40. Rf2 Ne5+ 41. Kc2 Ra1 42. Kb3 b5 43. Re2 Kd5 44. h4 Nc4 45. Re7 a5 46. Rxc7 a4+ 47. Kc2 Rxa2+ 48. Kb1 Rb2+ 49. Ka1 Rh2 50. Bg5 Na5 51. Ra7 Nb3+ 52. Kb1 Kc4 53. Rc7+ Kd3 54. Bf4 Rh1+ 55. Kb2 Na5 56. Ka2 Nc4 0-1

[Event "Budapest FS12 GM"]
[Site "Budapest"]
[Date "2024.12.12"]
[Round "6"]
[White "Liu, Zexu"]
[Black "Rorrer, Grayson"]
[Result "1-0"]
[WhiteElo "2350"]
[BlackElo "2411"]
[PlyCount "97"]
[EventDate "2024.12.07"]
[EventType "tourn"]
[EventRounds "9"]
[EventCountry "HUN"]
[EventCategory "6"]
[SourceTitle "CB51_2024"]
[SourceDate "2024.12.18"]
[SourceVersion "1"]
[SourceVersionDate "2024.12.18"]
[SourceQuality "1"]

1. Nf3 d5 2. g3 g6 3. d4 Bg7 4. Bg2 c6 5. a4 a5 6. 0-0 Nf6 7. c4 0-0 8. cxd5 Nxd5 9. Na3 Nb4 10. Bf4 N8a6 11. Qc1 Re8 12. Rd1 Be6 13. Nc4 Bd5 14. h4 b5 15. Ncd2 Qb6 16. Bf1 bxa4 17. Rxa4 c5 18. e4 Bc6 19. Nc4 Qa7 20. Rxa5 cxd4 21. Nce5 Bxe4 22. Rxd4 Bxf3 23. Rxb4 Qc7 24. Qxc7 Nxc7 25. Nxf3 Rxa5 26. Bxc7 Rc5 27. Bf4 Rc2 28. b3 e6 29. Rb7 Bf8 30. Be3 Rcc8 31. b4 Rb8 32. Rxb8 Rxb8 33. b5 Ra8 34. Ne5 Ra1 35. Kg2 Rb1 36. b6 f6 37. Nd7 Be7 38. Ba6 Kf7 39. Bc8 Bd6 40. b7 Bc7 41. Nc5 e5 42. Na6 Bd6 43. Bc5 Bxc5 44. Nxc5 Ke7 45. Nd7 Rxb7 46. Bxb7 Kxd7 47. Kf3 Ke6 48. Bc8+ Kd5 49. g4 1-0

[Event "Budapest FS12 GM"]
[Site "Budapest"]
[Date "2024.12.12"]
[Round "7"]
[White "Rorrer, Grayson"]
[Black "Szeberenyi, Adam"]
[Result "1-0"]
[WhiteElo "2411"]
[BlackElo "2284"]
[PlyCount "63"]
[EventDate "2024.12.07"]
[EventType "tourn"]
[EventRounds "9"]
[EventCountry "HUN"]
[EventCategory "6"]
[SourceTitle "CB51_2024"]
[SourceDate "2024.12.18"]
[SourceVersion "1"]
[SourceVersionDate "2024.12.18"]
[SourceQuality "1"]

1. d4 Nf6 2. c4 e6 3. g3 Bb4+ 4. Bd2 a5 5. Bg2 d5 6. Qa4+ Bd7 7. Qc2 Nc6 8. Nf3 0-0 9. 0-0 Bxd2 10. Nbxd2 Qe7 11. a3 Rfd8 12. Rfe1 Be8 13. Rad1 e5 14. cxd5 Rxd5 15. dxe5 Nxe5 16. Nxe5 Rxe5 17. Bxb7 Rb8 18. Ba6 Rc5 19. Bc4 Ng4 20. Qc3 Bc6 21. Rc1 Bd5 22. Qd4 Nf6 23. Bd3 Rxc1 24. Rxc1 g6 25. Nc4 Qe6 26. Ne5 Re8 27. f4 Nd7 28. Bb5 c5 29. Bxd7 cxd4 30. Bxe6 Rxe6 31. Kf2 Ra6 32. Rc5 1-0

[Event "Budapest FS12 GM"]
[Site "Budapest"]
[Date "2024.12.09"]
[Round "3"]
[White "Sai, Krishna GV"]
[Black "Rorrer, Grayson"]
[Result "1/2-1/2"]
[WhiteElo "2409"]
[BlackElo "2411"]
[PlyCount "119"]
[EventDate "2024.12.07"]
[EventType "tourn"]
[EventRounds "9"]
[EventCountry "HUN"]
[EventCategory "6"]
[SourceTitle "CB51_2024"]
[SourceDate "2024.12.18"]
[SourceVersion "1"]
[SourceVersionDate "2024.12.18"]
[SourceQuality "1"]

1. e4 e6 2. d4 d5 3. Nc3 Nf6 4. e5 Nfd7 5. f4 c5 6. Nf3 Nc6 7. Be3 a6 8. Qd2 b5 9. h4 Bb7 10. Qf2 Qb6 11. h5 cxd4 12. Nxd4 Bc5 13. Nce2 0-0 14. Rh3 Nxd4 15. Bxd4 f6 16. Bxc5 Qxc5 17. Qxc5 Nxc5 18. Re3 fxe5 19. Rxe5 Rae8 20. g3 Nd7 21. Re3 e5 22. fxe5 Nxe5 23. Bg2 Ng4 24. Rxe8 Rxe8 25. Kd2 Ne3 26. Nf4 Nc4+ 27. Kc3 Re3+ 28. Kd4 Rxg3 29. Re1 Rg4 30. Rf1 g5 31. hxg6 hxg6 32. Bh3 Rh4 33. Be6+ Kh7 34. b3 Nd2 35. Rf2 g5 36. Bf5+ Kh6 37. Rxd2 gxf4 38. Kc5 Kg5 39. Bd7 Rh7 40. Rg2+ Kf6 41. Bg4 d4 42. Rf2 Kg5 43. Bd1 Rh1 44. Be2 Ra1 45. Kxd4 Rxa2 46. Bd3 Ra1 47. Re2 Kg4 48. Re7 Bg2 49. Rg7+ Kh3 50. Ke5 f3 51. Kf4 Kh2 52. Be4 Rc1 53. Bxf3 Bxf3 54. Kxf3 Rxc2 55. Rg6 a5 56. Ra6 Ra2 57. Ke3 Kg2 58. Kd4 Kf3 59. Kc5 Ra3 60. Kxb5 1/2-1/2

[Event "Budapest FS12 GM"]
[Site "Budapest"]
[Date "2024.12.08"]
[Round "2"]
[White "Rorrer, Grayson"]
[Black "Pap, Misa"]
[Result "0-1"]
[WhiteElo "2411"]
[BlackElo "2419"]
[PlyCount "60"]
[EventDate "2024.12.07"]
[EventType "tourn"]
[EventRounds "9"]
[EventCountry "HUN"]
[EventCategory "6"]
[SourceTitle "CB51_2024"]
[SourceDate "2024.12.18"]
[SourceVersion "1"]
[SourceVersionDate "2024.12.18"]
[SourceQuality "1"]

1. d4 Nf6 2. c4 e6 3. g3 c5 4. d5 exd5 5. cxd5 d6 6. Nc3 g6 7. Bg2 Bg7 8. Nf3 0-0 9. 0-0 Na6 10. Re1 Re8 11. a4 Nb4 12. Nd2 Ng4 13. h3 Ne5 14. f4 Bf5 15. e4 Ned3 16. Rf1 Bc8 17. Nc4 f5 18. exf5 Nxc1 19. Rxc1 Bxf5 20. Nb5 Bf8 21. g4 Bd3 22. Rf2 a6 23. Nba3 Bg7 24. Rd2 Bd4+ 25. Kh1 Be3 26. Nxe3 Rxe3 27. Nc4 Bxc4 28. Rxc4 Qh4 29. Qg1 Rae8 30. Rc3 Re1 0-1

[Event "Budapest Farago Memorial"]
[Site "Budapest"]
[Date "2024.12.04"]
[Round "6"]
[White "Lee, Jun Hyeok"]
[Black "Rorrer, Grayson"]
[Result "1-0"]
[WhiteElo "2426"]
[BlackElo "2411"]
[PlyCount "69"]
[EventDate "2024.11.29"]
[EventType "tourn"]
[EventRounds "9"]
[EventCountry "HUN"]
[EventCategory "6"]
[SourceTitle "CB50_2024"]
[SourceDate "2024.11.01"]
[SourceVersion "1"]
[SourceVersionDate "2024.11.01"]
[SourceQuality "2"]

1. e4 e6 2. d4 d5 3. Nc3 Nf6 4. e5 Nfd7 5. f4 c5 6. Nf3 Nc6 7. Be3 a6 8. Qd2 b5 9. h4 Bb7 10. h5 b4 11. Ne2 Be7 12. g4 cxd4 13. Nexd4 Nc5 14. 0-0-0 0-0 15. g5 Qa5 16. Kb1 Ne4 17. Qh2 Nc3+ 18. bxc3 bxc3 19. Nb3 Qa4 20. Rd4 Nb4 21. Rxb4 Qxb4 22. g6 h6 23. gxf7+ Rxf7 24. Nfd4 a5 25. Bh3 a4 26. Bxe6 axb3 27. cxb3 Bc5 28. Rd1 Bc8 29. Bxf7+ Kxf7 30. f5 Kf8 31. Qc2 Qa5 32. e6 Kg8 33. Nc6 Qb5 34. Bxc5 Qxc5 35. Rxd5 1-0

[Event "Budapest Farago Memorial"]
[Site "Budapest"]
[Date "2024.12.01"]
[Round "3"]
[White "Rorrer, Grayson"]
[Black "Peng, Hongchi"]
[Result "1-0"]
[WhiteElo "2411"]
[BlackElo "2387"]
[PlyCount "98"]
[EventDate "2024.11.29"]
[EventType "tourn"]
[EventRounds "9"]
[EventCountry "HUN"]
[EventCategory "6"]
[SourceTitle "CB50_2024"]
[SourceDate "2024.11.01"]
[SourceVersion "1"]
[SourceVersionDate "2024.11.01"]
[SourceQuality "2"]

1. d4 d5 2. c4 c5 3. cxd5 Qxd5 4. Nf3 cxd4 5. Nc3 Qa5 6. Nxd4 Nf6 7. g3 Ne4 8. Qc2 Nxc3 9. Bd2 Nc6 10. Bxc3 Qd5 11. e4 Nxd4 12. Qd3 Qc6 13. Qxd4 f6 14. Bc4 e5 15. Qd3 a6 16. Bd5 Qb5 17. 0-0-0 Qxd3 18. Rxd3 Rb8 19. f4 exf4 20. gxf4 Bc5 21. Rg3 Bf8 22. e5 f5 23. e6 Ke7 24. Bxg7 Bxg7 25. Rxg7+ Kd6 26. Rd1 Re8 27. Bxb7+ Kc5 28. Rc7+ Kb6 29. Rxc8 Rbxc8+ 30. Bxc8 Rxc8+ 31. Kd2 Rd8+ 32. Kc2 Rc8+ 33. Kb3 Re8 34. Re1 Re7 35. Ka4 Kc7 36. Ka5 Kd8 37. Kxa6 Rc7 38. e7+ Ke8 39. Re2 Rc4 40. Kb5 Rxf4 41. a4 Rf1 42. a5 f4 43. b4 f3 44. Re3 f2 45. Re2 h5 46. h4 Rh1 47. Rxf2 Kxe7 48. a6 Kd6 49. a7 Kd5 1-0

[Event "Budapest Farago Memorial"]
[Site "Budapest"]
[Date "2024.11.29"]
[Round "1"]
[White "Rorrer, Grayson"]
[Black "Neverov, Valeriy"]
[Result "1-0"]
[WhiteElo "2411"]
[BlackElo "2401"]
[PlyCount "105"]
[EventDate "2024.11.29"]
[EventType "tourn"]
[EventRounds "9"]
[EventCountry "HUN"]
[EventCategory "6"]
[SourceTitle "CB50_2024"]
[SourceDate "2024.11.01"]
[SourceVersion "1"]
[SourceVersionDate "2024.11.01"]
[SourceQuality "2"]

1. d4 d5 2. c4 e6 3. Nf3 Nf6 4. g3 Bb4+ 5. Bd2 Be7 6. Bg2 0-0 7. 0-0 c6 8. Qc2 Nbd7 9. Bf4 a5 10. h4 Nh5 11. Bg5 f6 12. Bd2 f5 13. Ne5 Nxe5 14. dxe5 Bd7 15. Bf3 Be8 16. Kg2 Bg6 17. Qc1 Qb8 18. cxd5 exd5 19. Bc3 Qd8 20. e3 Be8 21. b3 g6 22. Bb2 Ng7 23. Nc3 Ne6 24. Rd1 Bd7 25. Qc2 Qe8 26. Ne2 Rf7 27. Nf4 Nxf4+ 28. exf4 Be6 29. Bc3 h6 30. a3 Rg7 31. Bd2 Qf7 32. b4 d4 33. Qb2 Rd8 34. bxa5 Bd5 35. Bxd5 Qxd5+ 36. Kg1 g5 37. hxg5 hxg5 38. Qa2 g4 39. Rdb1 Bc5 40. Bb4 Rh7 41. Qxd5+ Rxd5 42. Bxc5 Rxc5 43. a6 bxa6 44. Rb8+ Kf7 45. Rd8 Rc4 46. Rb1 Ke7 47. Rg8 Ke6 48. Rg6+ Kd5 49. Rd6+ Ke4 50. Re1+ Kf3 51. Rxd4 Rh1+ 52. Kxh1 Rxd4 53. Kg1 1-0

[Event "Chesterfield SPICE Cup op 18th"]
[Site "Chesterfield"]
[Date "2024.10.14"]
[Round "3"]
[White "Harsha, Bharathakoti"]
[Black "Rorrer, Grayson"]
[Result "0-1"]
[WhiteElo "2542"]
[BlackElo "2374"]
[PlyCount "152"]
[EventDate "2024.10.13"]
[EventType "swiss"]
[EventRounds "9"]
[EventCountry "USA"]
[SourceTitle "CB43_2024"]
[Source "Chessbase"]
[SourceDate "2024.10.23"]
[SourceVersion "1"]
[SourceVersionDate "2024.10.23"]
[SourceQuality "1"]

1. d4 Nf6 2. c4 e6 3. Nc3 Bb4 4. f3 c5 5. d5 b5 6. e4 d6 7. Nge2 bxc4 8. Nf4 e5 9. Nfe2 Ng8 10. Ng3 Ne7 11. Bxc4 0-0 12. 0-0 h6 13. f4 exf4 14. Bxf4 Ng6 15. Qc1 Nxf4 16. Qxf4 a6 17. Rad1 Ra7 18. e5 dxe5 19. Qxe5 Nd7 20. Qf4 Nb6 21. Bd3 c4 22. Bf5 Qd6 23. Qf3 Bb7 24. Nge4 Qc7 25. d6 Bc5+ 26. Kh1 Bxd6 27. Rxd6 Qxd6 28. Nxd6 Bxf3 29. gxf3 Rd8 30. Nde4 g6 31. Bh3 f5 32. Ng3 Rd2 33. Rb1 Nd7 34. Nf1 Rd3 35. Bg2 Rb7 36. f4 Rb8 37. Nd5 c3 38. b3 Kf7 39. Rc1 Nf6 40. Nfe3 Nxd5 41. Nxd5 c2 42. Rxc2 Rd1+ 43. Bf1 Rxf1+ 44. Kg2 Rd1 45. Ne3 Rd4 46. Rc7+ Ke6 47. Kf3 Rd7 48. Rc6+ Rd6 49. Rc7 Rd7 50. Rc6+ Rd6 51. Rc7 Rbd8 52. h4 R8d7 53. Rc5 Kf6 54. h5 Rd3 55. Ke2 gxh5 56. Rxf5+ Kg6 57. Ra5 R3d6 58. Kf3 Re7 59. Nc4 Rd3+ 60. Kf2 Rd4 61. Ne5+ Kh7 62. Ke3 Rd6 63. Rc5 h4 64. Rc2 Rg7 65. Rh2 Rg3+ 66. Ke4 h3 67. f5 Kg7 68. Kf4 Rg2 69. Rxh3 Rf2+ 70. Nf3 Rxa2 71. Ke5 Rd3 72. f6+ Kf8 73. Ke4 Rxb3 74. Rxh6 Re2+ 75. Kf4 Rf2 76. Rh3 a5 0-1

[Event "Chesterfield SPICE Cup op 18th"]
[Site "Chesterfield"]
[Date "2024.10.14"]
[Round "2"]
[White "Rorrer, Grayson"]
[Black "Xiong, Jeffery"]
[Result "1/2-1/2"]
[WhiteElo "2374"]
[BlackElo "2646"]
[PlyCount "62"]
[EventDate "2024.10.13"]
[EventType "swiss"]
[EventRounds "9"]
[EventCountry "USA"]
[SourceTitle "CB43_2024"]
[Source "Chessbase"]
[SourceDate "2024.10.23"]
[SourceVersion "1"]
[SourceVersionDate "2024.10.23"]
[SourceQuality "1"]

1. d4 d5 2. c4 e6 3. Nf3 Nf6 4. g3 Be7 5. Bg2 0-0 6. 0-0 dxc4 7. Qc2 a6 8. a4 Bd7 9. Qxc4 Bc6 10. Bf4 Bd6 11. Qc1 Nbd7 12. Nc3 Qe7 13. Re1 Bxf3 14. Bxf3 c6 15. Bxd6 Qxd6 16. e3 e5 17. Rd1 exd4 18. Rxd4 Qe7 19. Qc2 a5 20. Rad1 Nc5 21. h4 h6 22. Kg2 Ne6 23. R4d2 Rfd8 24. Qb3 Rxd2 25. Rxd2 Qb4 26. Qc2 Kf8 27. Na2 Qb6 28. Nc1 Qc5 29. Qd1 Kg8 30. Nd3 Qe7 31. Ne5 Nc5 1/2-1/2

[Event "Washington op 11th"]
[Site "Rockville"]
[Date "2024.08.11"]
[Round "4"]
[White "Rorrer, Grayson"]
[Black "Grigoryan, Karen H"]
[Result "0-1"]
[WhiteElo "2393"]
[BlackElo "2567"]
[PlyCount "21"]
[EventDate "2024.08.10"]
[EventType "swiss"]
[EventRounds "9"]
[EventCountry "USA"]
[SourceTitle "EXT 2025"]
[Source "ChessBase"]
[SourceDate "2024.10.14"]
[SourceVersion "1"]
[SourceVersionDate "2024.10.14"]
[SourceQuality "1"]

1. e4 c5 2. Nf3 d6 3. d4 cxd4 4. Nxd4 Nf6 5. Nc3 a6 6. Bg5 e6 7. Qe2 Nbd7 8. 0-0-0 h6 9. Bxf6 Qxf6 10. g3 g5 11. Bg2 0-1

[Event "New York 1000 GM Summer GM-A"]
[Site "New York"]
[Date "2024.07.10"]
[Round "2"]
[White "Plat, Vojtech"]
[Black "Rorrer, Grayson"]
[Result "1-0"]
[WhiteElo "2465"]
[BlackElo "2391"]
[PlyCount "74"]
[EventDate "2024.07.09"]
[EventType "tourn"]
[EventRounds "9"]
[EventCountry "USA"]
[EventCategory "8"]
[SourceTitle "CBM 221 Extra"]
[Source "ChessBase"]
[SourceDate "2024.09.30"]
[SourceVersion "1"]
[SourceVersionDate "2024.09.30"]
[SourceQuality "1"]

1. e4 c5 2. c3 d5 3. exd5 Qxd5 4. d4 Nf6 5. Nf3 Nc6 6. Be3 Bg4 7. dxc5 Qxd1+ 8. Kxd1 Nd5 9. Be2 e6 10. b4 a5 11. b5 Nxe3+ 12. fxe3 Nb8 13. c6 bxc6 14. a4 cxb5 15. axb5 Bc5 16. Nbd2 Bxe3 17. Nc4 Bc5 18. Nfe5 Bxe2+ 19. Kxe2 a4 20. b6 Ra6 21. Rhb1 Ke7 22. Rb5 Rc8 23. Nd3 Bg1 24. Nb4 Rxc4 25. Nxa6 Nxa6 26. Rxg1 Rxc3 27. Ra5 Nb8 28. Rxa4 Rc2+ 29. Ke3 Rc3+ 30. Kd2 Rb3 31. Ra7+ Kd6 32. Rxf7 Rxb6 33. Rxg7 h5 34. Rh7 Rb5 35. Rd1 Rg5 36. Ke3+ Ke5 37. Rb1 Kd5 1-0

[Event "Las Vegas National op"]
[Site "Las Vegas"]
[Date "2024.06.09"]
[Round "9"]
[White "Gokhale, Rishabh Chandrashek"]
[Black "Rorrer, Grayson"]
[Result "1-0"]
[WhiteElo "2079"]
[BlackElo "2409"]
[PlyCount "83"]
[EventDate "2024.06.03"]
[EventType "swiss"]
[EventRounds "9"]
[EventCountry "USA"]
[SourceTitle "CBM 220 Extra"]
[Source "ChessBase"]
[SourceDate "2024.07.31"]
[SourceVersion "1"]
[SourceVersionDate "2024.07.31"]
[SourceQuality "1"]

1. Nf3 Nf6 2. g3 g6 3. Bg2 Bg7 4. 0-0 0-0 5. d3 d5 6. Nbd2 c5 7. e4 Nc6 8. Re1 e5 9. a4 h6 10. h3 Be6 11. exd5 Nxd5 12. Nc4 Qc7 13. Bd2 Rfe8 14. a5 Rad8 15. a6 Ndb4 16. Nh2 Nxa6 17. Qc1 Qd7 18. Bxh6 Bxh3 19. Qg5 Nab4 20. Re4 Bf5 21. Bxg7 Kxg7 22. Ng4 Bxg4 23. Rxg4 Nxc2 24. Rh4 Nxa1 25. Qh6+ Kf6 26. Nd2 Ke7 27. Ne4 Qe6 28. Qg5+ Kd7 29. Nxc5+ Kc8 30. Nxe6 Rxe6 31. Rh7 Rd7 32. Bxc6 bxc6 33. Rh8+ Kb7 34. Qd2 Rd4 35. Rh4 e4 36. Qc3 Rxd3 37. Qb4+ Kc8 38. Rh8+ Kd7 39. Qb8 Red6 40. Qe8+ Kc7 41. Qxf7+ Rd7 42. Qf4+ 1-0